Shrimp mariculture : A practical manual

Enregistré dans:
Détails bibliographiques
Auteur principal: Tseng, Wen-Young
Format: Livre
Langue:Undetermined
Publié: China Chien Cheng 1987
Sujets:
Tags: Ajouter un tag
Pas de tags, Soyez le premier à ajouter un tag!
Thư viện lưu trữ: Trung tâm Học liệu Trường Đại học Cần Thơ
LEADER 00525nam a2200193Ia 4500
001 CTU_150677
008 210402s9999 xx 000 0 und d
082 |a 639.63 
082 |b T877 
100 |a Tseng, Wen-Young 
245 0 |a Shrimp mariculture : 
245 2 |b A practical manual 
245 0 |c Wen-Young Tseng 
260 |a China 
260 |b Chien Cheng 
260 |c 1987 
650 |a Aquaculture,Nuôi trồng thủy sản 
904 |i Trọng Hải 
980 |a Trung tâm Học liệu Trường Đại học Cần Thơ